| 000 | 00467cam a2200193ua 4500 | ||
|---|---|---|---|
| 020 |
_a81 7029 788 5 _c450.00 |
||
| 041 |
_aeng _h |
||
| 082 |
_a004.67 _bMCC/MA |
||
| 100 | _aJohn, McCoy . | ||
| 245 |
_aMastering web design / _cMcCoy John. _hTextual Documents |
||
| 250 |
_a1 / _b. |
||
| 260 |
_aNew Delhi : _bBPB Publications , _c1996. |
||
| 300 | _a609 ; . | ||
| 365 | _a450.00 | ||
| 500 | _a*CSS | ||
| 504 | _a | ||
| 942 | _cBK | ||
| 999 |
_c2977 _d2977 |
||